Online Catalogue and eLibrary

Politics of the possible : (Record no. 3359)

MARC details
000 -LEADER
fixed length control field 00530nam a2200205Ia 4500
005 - DATE AND TIME OF LATEST TRANSACTION
control field 20241217014500.0
008 - FIXED-LENGTH DATA ELEMENTS--GENERAL INFORMATION
fixed length control field 240331s9999 xx 000 0 und d
020 ## - INTERNATIONAL STANDARD BOOK NUMBER
ISBN 8185229104
082 ## - DDC Classification
Item Number - Author Mark SAN
Class No. 824
100 ## - MAIN ENTRY--PERSONAL NAME
Personal name Sangari, K
245 #0 - TITLE STATEMENT
Title Politics of the possible :
Remainder of title essays on gender, history,narrative, colonial english
260 ## - PUBLICATION, DISTRIBUTION, ETC.
Place of publication, distribution, etc. New Delhi
Name of publisher, distributor, etc. Tulika
Date of publication, distribution, etc. 1999
300 ## - PHYSICAL DESCRIPTION
Extent (e.g. Volumes, Pages etc.) xlix, 503 p .,
650 ## - SUBJECT ADDED ENTRY--TOPICAL TERM
Topical term or geographic name entry element Essays
650 ## - SUBJECT ADDED ENTRY--TOPICAL TERM
Topical term or geographic name entry element Gender
650 ## - SUBJECT ADDED ENTRY--TOPICAL TERM
Topical term or geographic name entry element History
650 ## - SUBJECT ADDED ENTRY--TOPICAL TERM
Topical term or geographic name entry element Narrative
650 ## - SUBJECT ADDED ENTRY--TOPICAL TERM
Topical term or geographic name entry element Colonial English
942 ## - Koha item type (Biblio)
Koha item type Books in Stacks (Lending)
Holdings
Lost status Damaged status Collection code Home library Current library Shelving location Date acquired Full call number Accession Number Item type
    Lending WERC Library WERC Library Social Science Cupboard 03/31/2024 824 SAN 4269 Books in Stacks (Lending)

© WERC Library